000
00300 a2200145 4500
001
178490
020
_a
040
_c
Magnum
100
_a
Genofre, Gloria
240
1
0
_a
A esponja do mar
_l
por
245
1
0
_a
A esponja do mar
362
0
_a
1899
697
_a
MAGNITO: I/PARADIDATICO
942
_c
BK
999
_c
178490
_d
178490